[Event "ODJM B 2016"]
[Site "Willingen GER"]
[Date "2016.05.20"]
[Round "8"]
[White "Kreitmeier, Anika"]
[Black "Maul, Maik"]
[Result "1-0"]
[Termination "normal"]
[Board "28"]
[WhiteElo "1310"]
[BlackElo "1354"]
[PlyCount "67"]
[WhiteFideId "12991775"]
[BlackFideId "16204816"]
[EventCountry "GER"]
[EventRounds "9"]
[EventType "swiss"]
[EventDate "2016.05.14"]

1. d4 d5 2. c4 c6 3. Nc3 Bf5 4. Bf4 Nf6 5. e3 e6 6. Bd3 Bb4 7. Nge2 Bg6 8. O-O
Bd6 9. cxd5 cxd5 10. Rc1 a6 11. Bxg6 hxg6 12. Qb3 b5 13. Qc2 Ng4 14. h3 Bxf4
15. Nxf4 Qh4 16. Nce2 Nd7 17. Qc6 Rd8 18. Nxe6 fxe6 19. Qxe6+ Kf8 20. Qxg4 Qxg4
21. hxg4 Kf7 22. f3 Rde8 23. Kf2 Nf6 24. Rc7+ Kg8 25. Ra7 Rf8 26. Kg1 Kh7 27.
Rc1 Rc8 28. Rxc8 Rxc8 29. Nf4 Rc2 30. Rxa6 Rxb2 31. g5 Nh5 32. Nxg6 Ng3 33. Nf4
Nf5 34. Nxd5 1-0

[Event "ODJM B 2016"]
[Site "Willingen GER"]
[Date "2016.05.20"]
[Round "8"]
[White "Rautenberg, Jakob"]
[Black "Beyer, Clemens"]
[Result "1-0"]
[Termination "normal"]
[Board "29"]
[WhiteElo "1704"]
[BlackElo "1028"]
[PlyCount "119"]
[WhiteFideId "16214749"]
[BlackFideId "16245407"]
[EventCountry "GER"]
[EventRounds "9"]
[EventType "swiss"]
[EventDate "2016.05.14"]

1. e4 h6 2. d4 g6 3. Nf3 Bg7 4. Nc3 d6 5. Bf4 Nd7 6. Qd2 e5 7. dxe5 dxe5 8. Bg3
Ne7 9. O-O-O Nc6 10. Bb5 Bf6 11. Kb1 Nd4 12. Nxd4 exd4 13. Nd5 Kf8 14. Nxf6
Nxf6 15. Qxd4 Qxd4 16. Rxd4 c6 17. Bc4 Bg4 18. f3 Be6 19. Bxe6 fxe6 20. Rhd1
Kf7 21. Be5 Rhg8 22. c3 g5 23. h3 h5 24. Bxf6 Kxf6 25. Rd7 Rab8 26. Rh7 Rh8 27.
Rxh8 Rxh8 28. Rd7 Rb8 29. Kc2 Ke5 30. Rg7 Kf4 31. Kd2 Rd8+ 32. Ke2 Rb8 33. Kf2
h4 34. Rf7+ Ke5 35. Ke3 a6 36. Rh7 b5 37. Rh6 Ra8 38. Rg6 c5 39. Rxg5+ Kd6 40.
Rh5 Rg8 41. Kf2 Kc6 42. Rxh4 Rd8 43. Ke2 a5 44. g4 b4 45. c4 a4 46. b3 axb3 47.
axb3 Ra8 48. Kd2 Ra2+ 49. Kc1 Rf2 50. g5 Rxf3 51. g6 Rf8 52. g7 Rg8 53. Rg4 Kd6
54. h4 Ke7 55. h5 Kf6 56. h6 Kf7 57. e5 Ra8 58. h7 Ra1+ 59. Kb2 Rh1 60. g8=Q+
1-0

[Event "ODJM B 2016"]
[Site "Willingen GER"]
[Date "2016.05.20"]
[Round "8"]
[White "Klugstedt, Vincent"]
[Black "Ott, Linda"]
[Result "1-0"]
[Termination "normal"]
[Board "30"]
[WhiteElo "1281"]
[BlackElo "1057"]
[PlyCount "59"]
[WhiteFideId "16216393"]
[BlackFideId "12992453"]
[EventCountry "GER"]
[EventRounds "9"]
[EventType "swiss"]
[EventDate "2016.05.14"]

1. d4 d5 2. Nf3 Nc6 3. c4 Bf5 4. Qb3 e6 5. Qxb7 Nb4 6. Qb5+ c6 7. Qa4 Nc2+ 8.
Kd2 Bb4+ 9. Kd1 Ba5 10. Na3 Nxa1 11. b3 Nf6 12. Bb2 Nc2 13. Nxc2 Bxc2+ 14. Kxc2
O-O 15. b4 Bc7 16. Qxc6 Rb8 17. a3 dxc4 18. Qxc4 Ne4 19. d5 exd5 20. Qd4 f6 21.
Nd2 Qc8 22. Qxd5+ Kh8 23. Nxe4 Rd8 24. Qb3 Be5+ 25. Kb1 Bxb2 26. Kxb2 Qc6 27.
Nc5 Rd2+ 28. Kc1 Qd6 29. Nd3 Rc8+ 30. Kxd2 1-0

[Event "ODJM B 2016"]
[Site "Willingen GER"]
[Date "2016.05.20"]
[Round "8"]
[White "Götz, Timon"]
[Black "Winterberg, Martin"]
[Result "1-0"]
[Termination "normal"]
[Board "31"]
[WhiteElo "1268"]
[BlackElo "1046"]
[PlyCount "59"]
[WhiteFideId "16245040"]
[BlackFideId "16245091"]
[EventCountry "GER"]
[EventRounds "9"]
[EventType "swiss"]
[EventDate "2016.05.14"]

1. c4 e5 2. e3 Nf6 3. d3 Nc6 4. Nd2 d5 5. cxd5 Nxd5 6. a3 Bd6 7. Be2 O-O 8.
Ngf3 Nf6 9. Qc2 Re8 10. O-O Qe7 11. b4 e4 12. dxe4 Nxe4 13. Nxe4 Qxe4 14. Bd3
Qg4 15. Bxh7+ Kf8 16. Bd3 Qh5 17. Re1 Bh3 18. Be2 Bg4 19. Bb2 Bxf3 20. Bxf3
Qxh2+ 21. Kf1 Be5 22. Rad1 Bxb2 23. Qxb2 Rad8 24. Ke2 Ne5 25. Rh1 Nc4 26. Qc3
Qf4 27. Rh8+ Ke7 28. Rxe8+ Rxe8 29. exf4 Kf8+ 30. Kf1 1-0

[Event "ODJM B 2016"]
[Site "Willingen GER"]
[Date "2016.05.20"]
[Round "8"]
[White "Schirrmeister, Laura"]
[Black "Lohrmann, Linus"]
[Result "1/2-1/2"]
[Termination "normal"]
[Board "32"]
[WhiteElo "1351"]
[BlackElo "1036"]
[PlyCount "126"]
[WhiteFideId "24694967"]
[BlackFideId "12982857"]
[EventCountry "GER"]
[EventRounds "9"]
[EventType "swiss"]
[EventDate "2016.05.14"]

1. e4 e5 2. Bc4 Nf6 3. Nf3 Nc6 4. d3 Bc5 5. c3 d6 6. O-O Bg4 7. Be3 Bxf3 8.
Qxf3 Bxe3 9. fxe3 Qd7 10. b4 O-O-O 11. d4 d5 12. exd5 Nxd5 13. Bxd5 Qxd5 14.
Qxd5 Rxd5 15. Rxf7 exd4 16. exd4 Rg5 17. Nd2 Nd8 18. Rf3 h5 19. h4 Rg4 20. g3
g5 21. hxg5 Rxg5 22. Ne4 Rg4 23. Re1 h4 24. Kh2 hxg3+ 25. Kg2 Rh2+ 26. Kg1 Rh3
27. Ree3 Ne6 28. Rxg3 Rhxg3+ 29. Nxg3 Ng7 30. Kf2 Rh4 31. Re7 Nf5 32. Nxf5 Rf4+
33. Ke3 Rxf5 34. Ke4 Rh5 35. Re5 Rh2 36. a4 Rh3 37. c4 Rb3 38. b5 Rb4 39. c5
Rxa4 40. c6 bxc6 41. bxc6 Kd8 42. Kd5 Ra5+ 43. Ke6 Rxe5+ 44. dxe5 Ke8 45. Kd5
Ke7 46. Kc5 Ke6 47. Kd4 a5 48. Kc5 Kxe5 49. Kb5 a4 50. Kxa4 Kd6 51. Kb4 Kxc6
52. Kc4 Kd6 53. Kd4 c5+ 54. Kc4 Kc6 55. Kc3 Kd5 56. Kd3 c4+ 57. Kc3 Kc5 58. Kc2
Kd4 59. Kd2 c3+ 60. Kc2 Kc4 61. Kc1 Kd3 62. Kd1 Kc4 63. Kc2 Kb4 1/2-1/2

[Event "ODJM B 2016"]
[Site "Willingen GER"]
[Date "2016.05.20"]
[Round "8"]
[White "von der Weyden, Louis"]
[Black "Waligora, Franciszek"]
[Result "1-0"]
[Termination "normal"]
[Board "33"]
[WhiteElo "1387"]
[BlackElo "1021"]
[PlyCount "89"]
[WhiteFideId "16207050"]
[BlackFideId "4005120"]
[EventCountry "GER"]
[EventRounds "9"]
[EventType "swiss"]
[EventDate "2016.05.14"]

1. c4 d5 2. cxd5 c6 3. dxc6 Nxc6 4. Nc3 e5 5. g3 Nf6 6. Bg2 Bc5 7. e3 O-O 8.
Nge2 Qe7 9. O-O Be6 10. d4 Rfd8 11. d5 Bf5 12. e4 Bg6 13. Kh1 Ng4 14. Qe1 Nd4
15. f3 Nc2 16. Qd2 Nge3 17. Rb1 Nxf1 18. Bxf1 Nd4 19. Nxd4 Bxd4 20. Ne2 Bc5 21.
Bh3 Bd6 22. Qd3 Re8 23. Bd2 h6 24. Qb5 Rab8 25. Be3 a6 26. Qb3 Bh5 27. Bd2
Bxf3+ 28. Qxf3 Red8 29. Rc1 Re8 30. Qf2 Red8 31. Ba5 Re8 32. Ng1 Rf8 33. Nf3
Rfe8 34. Kg2 Rf8 35. Nh4 g6 36. Bd2 b5 37. Qe3 Rfe8 38. Kh1 Rf8 39. Qxh6 Qd8
40. Nxg6 fxg6 41. Be6+ Rf7 42. Qxg6+ Kh8 43. Qxf7 Ra8 44. Qh5+ Kg7 45. Qh6# 1-0

[Event "ODJM B 2016"]
[Site "Willingen GER"]
[Date "2016.05.20"]
[Round "8"]
[White "Lorenz, Keana"]
[Black "Hamm, Oliver"]
[Result "0-1"]
[Termination "normal"]
[Board "34"]
[WhiteElo "1037"]
[BlackElo "1400"]
[PlyCount "106"]
[WhiteFideId "12990248"]
[BlackFideId "12999016"]
[EventCountry "GER"]
[EventRounds "9"]
[EventType "swiss"]
[EventDate "2016.05.14"]

1. e4 h6 2. d4 g6 3. Nc3 Bg7 4. Nf3 d6 5. Bf4 Nd7 6. e5 g5 7. Bg3 f5 8. h3 f4
9. e6 Nf8 10. Bh2 Nxe6 11. Qd2 Bd7 12. O-O-O Nf8 13. g3 fxg3 14. Bxg3 e6 15. h4
Qf6 16. Bg2 g4 17. Nh2 h5 18. Bxb7 Rb8 19. Bg2 Bh6 20. f4 gxf3 21. Nxf3 Bxd2+
22. Nxd2 Qf5 23. Rhf1 Qa5 24. Nb3 Qb6 25. d5 e5 26. Bf2 Qb7 27. Rfe1 Bg4 28.
Rd3 Bf5 29. Rde3 a5 30. Na4 Qb4 31. Nc3 a4 32. Nd2 Qxb2+ 33. Kd1 Qxc2+ 34. Ke2
Bg4+ 35. Bf3 Bxf3+ 36. Rxf3 Rb2 37. Rd1 Qg6 38. Be3 Nf6 39. Rdf1 N8d7 40. Nxa4
Rxa2 41. Nc3 Rc2 42. Nb5 Ne4 43. Rg1 Qh7 44. Ra1 Nxd2 45. Bxd2 Qe4+ 46. Re3
Qg2+ 47. Kd3 Qxd2+ 48. Ke4 Nf6+ 49. Kf5 Kf7 50. Nxd6+ Kg7 51. Rg3+ Ng4 52. Ne4
Qf4+ 53. Ke6 Qf7# 0-1

[Event "ODJM B 2016"]
[Site "Willingen GER"]
[Date "2016.05.20"]
[Round "8"]
[White "Wagner, Margarethe"]
[Black "Arndt, Lena"]
[Result "0-1"]
[Termination "normal"]
[Board "35"]
[WhiteElo "1036"]
[BlackElo "1124"]
[PlyCount "42"]
[WhiteFideId "16236947"]
[BlackFideId "16262476"]
[EventCountry "GER"]
[EventRounds "9"]
[EventType "swiss"]
[EventDate "2016.05.14"]

1. e4 e6 2. d4 d5 3. e5 c5 4. c3 Nc6 5. Nf3 Qb6 6. Bd3 Bd7 7. O-O cxd4 8. cxd4
Nxd4 9. Ng5 h6 10. Qh5 g6 11. Bxg6 fxg6 12. Qxg6+ Kd8 13. Nf7+ Kc7 14. Nxh8 Ne7
15. Qd3 Bb5 16. Qc3+ Nec6 17. Qd2 Bxf1 18. Kxf1 Qb5+ 19. Kg1 Ne2+ 20. Kh1 Ned4
21. Nc3 Qf1# 0-1

[Event "ODJM B 2016"]
[Site "Willingen GER"]
[Date "2016.05.20"]
[Round "8"]
[White "Abicht, Aruna Sophia"]
[Black "Gehrke, Jakob"]
[Result "1-0"]
[Termination "normal"]
[Board "36"]
[WhiteElo "1060"]
[BlackElo "1303"]
[PlyCount "117"]
[BlackFideId "12993905"]
[EventCountry "GER"]
[EventRounds "9"]
[EventType "swiss"]
[EventDate "2016.05.14"]

1. Nf3 Nc6 2. e4 e5 3. Nc3 Nf6 4. d4 exd4 5. Nxd4 Bb4 6. Nxc6 bxc6 7. Bd3 d5 8.
exd5 cxd5 9. O-O Be6 10. Bd2 Qd7 11. Nb5 Bd6 12. Nd4 a6 13. Qe2 O-O 14. Bxa6
Bxh2+ 15. Kxh2 Qd6+ 16. g3 Rxa6 17. Nb5 Qc6 18. Nxc7 Bc8 19. Nxa6 Bxa6 20. Qd1
Bxf1 21. Qxf1 Qxc2 22. Bc3 Ng4+ 23. Kg1 Qf5 24. a4 Qh5 25. Qg2 f5 26. Qxd5+ Rf7
27. Qd8+ Rf8 28. Qh4 Qf7 29. Qg5 Qa7 30. Qf4 Rf7 31. a5 h6 32. a6 g5 33. Qd4
Qxd4 34. Bxd4 Rf8 35. f3 Nf6 36. Bxf6 Kf7 37. Bd4 Ke6 38. a7 Ra8 39. Rc1 Kd5
40. Bb6 h5 41. Rd1+ Kc6 42. Rd8 Rxd8 43. Bxd8 Kb7 44. b4 Kxa7 45. b5 Kb7 46. b6
Kc8 47. Bc7 g4 48. fxg4 fxg4 49. Kf2 Kb7 50. Ke3 Kc8 51. Kf4 Kb7 52. Kg5 h4 53.
Kxh4 Kc8 54. Kxg4 Kb7 55. Kf5 Kc8 56. Kf6 Kb7 57. g4 Kc8 58. g5 Kb7 59. g6 1-0

[Event "ODJM B 2016"]
[Site "Willingen GER"]
[Date "2016.05.20"]
[Round "8"]
[White "Hierl, Johannes"]
[Black "Bardorz, Stefan"]
[Result "0-1"]
[Termination "normal"]
[Board "37"]
[WhiteElo "1142"]
[BlackElo "1283"]
[PlyCount "64"]
[WhiteFideId "16235096"]
[BlackFideId "16245474"]
[EventCountry "GER"]
[EventRounds "9"]
[EventType "swiss"]
[EventDate "2016.05.14"]

1. Nc3 e5 2. Nf3 Nc6 3. d4 exd4 4. Nxd4 Bc5 5. Nxc6 bxc6 6. e4 Qf6 7. Qf3 Bb7
8. Bf4 d6 9. Bd3 Ne7 10. O-O-O O-O 11. Rde1 Ng6 12. g3 Rac8 13. Rhf1 Rfe8 14.
Na4 Bd4 15. Qg4 d5 16. f3 Re6 17. exd5 Rxe1+ 18. Rxe1 cxd5 19. Bxg6 Qxg6 20.
Qxg6 hxg6 21. Re7 Bc6 22. Nc3 Bb6 23. Ne2 Kf8 24. Re5 f6 25. Re6 Bd7 26. Rxb6
axb6 27. Nc3 g5 28. Be3 Bc6 29. f4 Re8 30. Kd2 g4 31. Kd3 Bb7 32. Nb5 Ba6 0-1

[Event "ODJM B 2016"]
[Site "Willingen GER"]
[Date "2016.05.20"]
[Round "8"]
[White "Brunner, Alexander"]
[Black "Bilek, Thomas"]
[Result "1-0"]
[Termination "normal"]
[Board "39"]
[WhiteElo "1246"]
[BlackElo "1192"]
[PlyCount "37"]
[WhiteFideId "12965278"]
[BlackFideId "12994707"]
[EventCountry "GER"]
[EventRounds "9"]
[EventType "swiss"]
[EventDate "2016.05.14"]

1. Nf3 d5 2. b3 Nc6 3. Bb2 f6 4. e3 e5 5. c4 Bg4 6. cxd5 Qxd5 7. Bc4 Qd7 8. Nc3
Bb4 9. d3 Na5 10. O-O Nxc4 11. bxc4 Rd8 12. Rb1 Qxd3 13. Qa4+ c6 14. Qxb4 Bxf3
15. gxf3 Qf5 16. Rfd1 Rxd1+ 17. Rxd1 h5 18. Ba3 Qh3 19. Qf8# 1-0

[Event "ODJM B 2016"]
[Site "Willingen GER"]
[Date "2016.05.20"]
[Round "8"]
[White "Toma, Yanis"]
[Black "Kobald, Pierre"]
[Result "1/2-1/2"]
[Termination "normal"]
[Board "40"]
[WhiteElo "1319"]
[BlackElo "1241"]
[PlyCount "40"]
[WhiteFideId "16215460"]
[BlackFideId "12983659"]
[EventCountry "GER"]
[EventRounds "9"]
[EventType "swiss"]
[EventDate "2016.05.14"]

1. e4 e5 2. Nf3 Nc6 3. Bc4 Nf6 4. d3 Bc5 5. O-O h6 6. c3 d6 7. b4 Bb6 8. a4 a6
9. Qb3 Be6 10. Bxe6 fxe6 11. Qxe6+ Qe7 12. Qxe7+ Kxe7 13. Nbd2 Rhf8 14. Nh4 Kf7
15. Nc4 Kg8 16. Nxb6 cxb6 17. Be3 d5 18. f3 d4 19. cxd4 exd4 20. Bd2 Nh5
1/2-1/2

[Event "ODJM B 2016"]
[Site "Willingen GER"]
[Date "2016.05.20"]
[Round "8"]
[White "Reiser, Silas"]
[Black "Jacoby, Angelina"]
[Result "0-1"]
[Termination "normal"]
[Board "41"]
[WhiteElo "926"]
[BlackElo "1240"]
[PlyCount "42"]
[BlackFideId "12999008"]
[EventCountry "GER"]
[EventRounds "9"]
[EventType "swiss"]
[EventDate "2016.05.14"]

1. e4 d5 2. exd5 Qxd5 3. Nc3 Qa5 4. d4 c6 5. Nf3 Nf6 6. Bc4 Bf5 7. O-O e6 8. a3
Bd6 9. Bg5 Nbd7 10. Qd2 Qc7 11. h3 h6 12. Be3 g5 13. Bd3 Bxd3 14. Qxd3 g4 15.
hxg4 Nxg4 16. Qe4 Ngf6 17. Qh4 O-O-O 18. g3 Rdg8 19. Kh2 Be7 20. Bf4 Qd8 21.
Be5 Ng4+ 0-1

[Event "ODJM B 2016"]
[Site "Willingen GER"]
[Date "2016.05.20"]
[Round "8"]
[White "Reichel, Sara"]
[Black "Kalina, Lena"]
[Result "0-1"]
[Termination "normal"]
[Board "42"]
[WhiteElo "940"]
[BlackElo "1410"]
[PlyCount "66"]
[WhiteFideId "16245130"]
[BlackFideId "12988014"]
[EventCountry "GER"]
[EventRounds "9"]
[EventType "swiss"]
[EventDate "2016.05.14"]

1. e4 g6 2. d4 Bg7 3. Nc3 c6 4. f4 d5 5. e5 Bf5 6. Nf3 e6 7. Be3 Bg4 8. h3 Bxf3
9. Qxf3 Ne7 10. Bd3 Nd7 11. O-O-O Qc7 12. Kb1 a6 13. g4 c5 14. Be2 Rc8 15. h4
b5 16. Bf1 cxd4 17. Rxd4 Nc6 18. Rd2 Nb6 19. Bxb6 Qxb6 20. Bd3 Qa5 21. Rhh2 b4
22. Ne2 b3 23. Nc3 d4 24. Be4 O-O 25. Kc1 dxc3 26. Qxc3 Qxc3 27. bxc3 bxa2 28.
Kb2 Na5 29. Ka1 Rxc3 30. Rh1 Ra3 31. Rdd1 Rb8 32. Bd3 f6 33. Rhe1 Nc6 0-1

[Event "ODJM B 2016"]
[Site "Willingen GER"]
[Date "2016.05.20"]
[Round "8"]
[White "Ibrahim, Luisa"]
[Black "Feil, Alexander"]
[Result "0-1"]
[Termination "normal"]
[Board "44"]
[WhiteElo "916"]
[BlackElo "1371"]
[PlyCount "78"]
[WhiteFideId "12993930"]
[BlackFideId "4002954"]
[EventCountry "GER"]
[EventRounds "9"]
[EventType "swiss"]
[EventDate "2016.05.14"]

1. e4 d5 2. exd5 c6 3. dxc6 Nxc6 4. Nf3 e5 5. Nc3 Nf6 6. Bc4 Bb4 7. Ng5 O-O 8.
O-O Bg4 9. Be2 Bxe2 10. Qxe2 h6 11. Nf3 Re8 12. d3 Nd4 13. Qd1 Qa5 14. Bd2 Qb6
15. a3 Bd6 16. Rb1 a6 17. b4 Rac8 18. Na4 Qc7 19. c3 Nxf3+ 20. Qxf3 b5 21. Nb2
e4 22. dxe4 Nxe4 23. Bc1 Nxc3 24. Ra1 Ne2+ 25. Kh1 Nxc1 26. Qd1 Ne2 27. Re1 Nf4
28. Rxe8+ Rxe8 29. h3 Be5 30. Rb1 Bxb2 31. Rxb2 Nd3 32. Rd2 Re1+ 33. Qxe1 Nxe1
34. Re2 Nd3 35. Rd2 Qc1+ 36. Kh2 Qxd2 37. Kg1 Qxf2+ 38. Kh2 Nf4 39. h4 Qxg2#
0-1

[Event "ODJM B 2016"]
[Site "Willingen GER"]
[Date "2016.05.20"]
[Round "8"]
[White "Tran, Minh Dat"]
[Black "Reuker, Ronja"]
[Result "0-1"]
[Termination "normal"]
[Board "45"]
[WhiteElo "1258"]
[BlackElo "1132"]
[PlyCount "56"]
[WhiteFideId "16244702"]
[BlackFideId "12947172"]
[EventCountry "GER"]
[EventRounds "9"]
[EventType "swiss"]
[EventDate "2016.05.14"]

1. e4 e5 2. Nf3 Nc6 3. Bc4 Nf6 4. Ng5 d5 5. exd5 b5 6. Bxb5 Qxd5 7. Bxc6+ Qxc6
8. O-O Bb7 9. Nf3 Bc5 10. Qe2 e4 11. Ne5 Qd5 12. Nc3 Qxe5 13. Qb5+ Ke7 14. Qxb7
Rhb8 15. Qc6 Rb6 16. Qa4 Rb4 17. Qa6 Re8 18. a3 Ng4 19. g3 Rb6 20. Qc4 Kf8 21.
Qd5 Rh6 22. Qxe5 Rxe5 23. h4 Rf6 24. Nd1 Ref5 25. b4 Bxf2+ 26. Nxf2 Rxf2 27.
Bb2 R6f3 28. Rad1 Rxg3+ 0-1

[Event "ODJM B 2016"]
[Site "Willingen GER"]
[Date "2016.05.20"]
[Round "8"]
[White "Gehrke, Korbinian"]
[Black "Voltmer, Victor"]
[Result "1-0"]
[Termination "normal"]
[Board "46"]
[WhiteElo "1234"]
[BlackElo "1028"]
[PlyCount "49"]
[WhiteFideId "12993913"]
[EventCountry "GER"]
[EventRounds "9"]
[EventType "swiss"]
[EventDate "2016.05.14"]

1. e4 e5 2. Nf3 Nc6 3. d4 exd4 4. Nxd4 Bc5 5. Be3 Qf6 6. c3 Qg6 7. Qf3 Bxd4 8.
Bxd4 Nge7 9. Bd3 O-O 10. O-O d6 11. e5 Nxd4 12. cxd4 Bf5 13. Bxf5 Nxf5 14. Qxb7
Nxd4 15. exd6 cxd6 16. Nc3 Rfb8 17. Qd5 Nc2 18. Rac1 a5 19. Ne4 Nb4 20. Qd4 Rd8
21. a3 d5 22. Nc5 Nc6 23. Qa4 Rdc8 24. Nb7 Ra7 25. Nxa5 1-0

[Event "ODJM B 2016"]
[Site "Willingen GER"]
[Date "2016.05.20"]
[Round "8"]
[White "Burdot, Louis"]
[Black "Zwecker, Simon"]
[Result "1-0"]
[Termination "normal"]
[Board "47"]
[WhiteElo "1214"]
[BlackElo "916"]
[PlyCount "53"]
[WhiteFideId "4004760"]
[BlackFideId "16257677"]
[EventCountry "GER"]
[EventRounds "9"]
[EventType "swiss"]
[EventDate "2016.05.14"]

1. e4 e5 2. d4 exd4 3. c3 dxc3 4. Nxc3 Nc6 5. Bc4 Nf6 6. Nf3 Bb4 7. O-O d6 8.
Re1 O-O 9. a3 Bxc3 10. bxc3 Be6 11. Bd5 Bxd5 12. exd5 Ne7 13. c4 Re8 14. Qb3
Rb8 15. Be3 b6 16. Nd4 Qd7 17. Qb5 Qxb5 18. Nxb5 Rb7 19. a4 a6 20. Nd4 b5 21.
axb5 axb5 22. Nxb5 Nexd5 23. Nxd6 cxd6 24. cxd5 Nxd5 25. Bf4 Rbe7 26. Rxe7 Rxe7
27. Ra8+ 1-0

[Event "ODJM B 2016"]
[Site "Willingen GER"]
[Date "2016.05.20"]
[Round "8"]
[White "Reuter, Marek"]
[Black "Funke, Maximilian"]
[Result "0-1"]
[Termination "normal"]
[Board "48"]
[WhiteElo "1152"]
[BlackElo "1190"]
[PlyCount "20"]
[WhiteFideId "16226712"]
[BlackFideId "16251989"]
[EventCountry "GER"]
[EventRounds "9"]
[EventType "swiss"]
[EventDate "2016.05.14"]

1. e4 e5 2. Bc4 Nc6 3. Nf3 Nf6 4. Ng5 Bc5 5. Nxf7 Bxf2+ 6. Kxf2 Nxe4+ 7. Ke1
Qh4+ 8. Ke2 Qf2+ 9. Kd3 Nb4+ 10. Kxe4 Qf4# 0-1

[Event "ODJM B 2016"]
[Site "Willingen GER"]
[Date "2016.05.20"]
[Round "8"]
[White "Altgelt, Helene"]
[Black "Beyer, Lorenz"]
[Result "1/2-1/2"]
[Termination "normal"]
[Board "49"]
[WhiteElo "817"]
[BlackElo "1169"]
[PlyCount "42"]
[WhiteFideId "16232020"]
[BlackFideId "16245393"]
[EventCountry "GER"]
[EventRounds "9"]
[EventType "swiss"]
[EventDate "2016.05.14"]

1. e4 d5 2. exd5 Qxd5 3. Nc3 Qa5 4. Nf3 c6 5. d4 Bf5 6. Bf4 Nf6 7. Bc4 Qb4 8.
Bb3 e6 9. O-O Nbd7 10. Qd2 Qb6 11. Ne5 Nxe5 12. dxe5 Ne4 13. Nxe4 Bxe4 14. Rad1
Rd8 15. Qe3 Rxd1 16. Rxd1 Qxe3 17. Bxe3 a6 18. Bb6 Be7 19. c3 Bd5 20. c4 Be4
21. f3 Bf5 1/2-1/2

[Event "ODJM B 2016"]
[Site "Willingen GER"]
[Date "2016.05.20"]
[Round "8"]
[White "Parma, Lea"]
[Black "Wilmink, Luca"]
[Result "1-0"]
[Termination "normal"]
[Board "50"]
[WhiteElo "1170"]
[BlackElo "817"]
[PlyCount "109"]
[WhiteFideId "16222377"]
[BlackFideId "16245253"]
[EventCountry "GER"]
[EventRounds "9"]
[EventType "swiss"]
[EventDate "2016.05.14"]

1. e4 e5 2. Nf3 Nf6 3. Nc3 Nc6 4. Bc4 Bc5 5. O-O d6 6. d3 Bg4 7. Nd5 O-O 8. c3
a6 9. Re1 b5 10. Nxf6+ Qxf6 11. Bd5 Bd7 12. d4 exd4 13. cxd4 Bb4 14. Bd2 Bxd2
15. Qxd2 Rab8 16. Bxc6 Bxc6 17. Rac1 Rb6 18. d5 Bd7 19. Rxc7 Bg4 20. Nd4 Qg6
21. Ne2 Bf3 22. Nf4 Qg5 23. Qe3 Bg4 24. Qxb6 Qxf4 25. Qe3 Qe5 26. f3 Bh5 27.
Qc3 Qg5 28. Qe3 Qe5 29. Rec1 h6 30. Rc8 Rxc8 31. Rxc8+ Kh7 32. g4 Bg6 33. f4
Qxe4 34. Qxe4 Bxe4 35. Rd8 Bxd5 36. Rxd6 Bxa2 37. Rxa6 Be6 38. Rb6 Bxg4 39.
Rxb5 Be6 40. b3 f6 41. b4 g5 42. fxg5 hxg5 43. Rb7+ Kg6 44. b5 f5 45. b6 f4 46.
Ra7 g4 47. b7 g3 48. hxg3 fxg3 49. b8=Q Bh3 50. Qxg3+ Kf6 51. Qxh3 Kg5 52. Qf1
Kg4 53. Rg7+ Kh4 54. Qg2 Kh5 55. Rh7# 1-0

[Event "ODJM B 2016"]
[Site "Willingen GER"]
[Date "2016.05.20"]
[Round "8"]
[White "Fuhrmann, Elias"]
[Black "Trams, Emma Joe"]
[Result "0-1"]
[Termination "normal"]
[Board "51"]
[WhiteElo "909"]
[BlackElo "1360"]
[PlyCount "76"]
[WhiteFideId "36098353"]
[BlackFideId "16206517"]
[EventCountry "GER"]
[EventRounds "9"]
[EventType "swiss"]
[EventDate "2016.05.14"]

1. e4 e5 2. Nf3 Nc6 3. d4 exd4 4. Nxd4 Nxd4 5. Qxd4 d6 6. Nc3 Nf6 7. Bg5 Be7 8.
Bc4 Be6 9. Bb3 h6 10. Be3 a6 11. O-O O-O 12. Rad1 c5 13. Qd3 b5 14. Bxe6 fxe6
15. b3 b4 16. Ne2 d5 17. e5 Ng4 18. Qg6 Nxe3 19. Qxe6+ Kh8 20. fxe3 Bg5 21.
Qxd5 Qxd5 22. Rxd5 Bxe3+ 23. Rf2 Rxf2 24. Rd1 Rxe2+ 25. Kf1 Rf2+ 26. Ke1 Re8
27. Rd3 Bd4 28. Kd1 Rxe5 29. Kc1 Re1+ 30. Rd1 Rxd1+ 31. Kxd1 Bc3 32. g4 Kg8 33.
h4 Kf7 34. g5 Ke6 35. gxh6 gxh6 36. h5 Ke5 37. a4 Kd4 38. Kc1 Rf1# 0-1

[Event "ODJM B 2016"]
[Site "Willingen GER"]
[Date "2016.05.20"]
[Round "8"]
[White "Färber, Sophie"]
[Black "Semukhin, Sophia"]
[Result "1/2-1/2"]
[Termination "normal"]
[Board "52"]
[WhiteElo "860"]
[BlackElo "1087"]
[PlyCount "116"]
[WhiteFideId "16239121"]
[EventCountry "GER"]
[EventRounds "9"]
[EventType "swiss"]
[EventDate "2016.05.14"]

1. e4 e5 2. Nf3 Nc6 3. Bc4 Bc5 4. c3 Nf6 5. d3 d6 6. O-O O-O 7. Bg5 h6 8. Bxf6
Qxf6 9. Re1 Bg4 10. Nbd2 Rfe8 11. h3 Bh5 12. b4 Bb6 13. Bd5 a6 14. a4 Qg6 15.
Nh4 Qg5 16. Ndf3 Qg3 17. d4 Qxh4 18. Nxh4 Bxd1 19. Rexd1 Kh8 20. dxe5 dxe5 21.
Bxf7 Red8 22. Rxd8+ Rxd8 23. Ng6+ Kh7 24. Nxe5 Nxe5 25. Bd5 c6 26. Be6 Rf8 27.
Bf5+ Kh8 28. a5 Ba7 29. Kh1 Nd3 30. c4 Nxf2+ 31. Kh2 b5 32. axb6 Bxb6 33. Rxa6
Rb8 34. c5 Bc7+ 35. g3 g5 36. Rxc6 Be5 37. Rxh6+ Kg8 38. Rg6+ Kf8 39. Rxg5 Rxb4
40. c6 Nxe4 41. Bxe4 Rxe4 42. c7 Bxc7 43. Rf5+ Ke7 44. Rg5 Re2+ 45. Kg1 Bb6+
46. Kh1 Kf6 47. Rb5 Bf2 48. g4 Ra2 49. g5+ Kg6 50. Kg2 Bh4+ 51. Kf3 Rh2 52. Kg4
Be1 53. Rb6+ Kf7 54. g6+ Kg7 55. h4 Rxh4+ 56. Kg5 Rb4 57. Rc6 Rb5+ 58. Kg4 Rb4+
1/2-1/2

[Event "ODJM B 2016"]
[Site "Willingen GER"]
[Date "2016.05.20"]
[Round "8"]
[White "Reyher, Bastian"]
[Black "Rempe, Janne"]
[Result "0-1"]
[Termination "normal"]
[Board "53"]
[WhiteElo "1064"]
[BlackElo "948"]
[PlyCount "112"]
[WhiteFideId "12927465"]
[BlackFideId "16202392"]
[EventCountry "GER"]
[EventRounds "9"]
[EventType "swiss"]
[EventDate "2016.05.14"]

1. e4 e5 2. Bc4 Nf6 3. d3 Nc6 4. Nc3 Bb4 5. Nge2 Nd4 6. Bd2 O-O 7. O-O d6 8. h3
Bxc3 9. Nxc3 c6 10. Bg5 h6 11. Be3 d5 12. Bb3 Be6 13. f4 Nxb3 14. axb3 d4 15.
f5 Bc8 16. Bf2 dxc3 17. bxc3 Re8 18. Bxa7 b6 19. Bxb6 Qxb6+ 20. Kh2 Rxa1 21.
Qxa1 Nh5 22. Qd1 g6 23. fxg6 fxg6 24. Qf3 Qc7 25. g4 Nf4 26. Rg1 Qe7 27. d4
exd4 28. Qxf4 Qxe4 29. Qxh6 Qxc2+ 30. Rg2 Qd3 31. c4 Re2 32. b4 Rxg2+ 33. Kxg2
Qe2+ 34. Kg3 Qe3+ 35. Qxe3 dxe3 36. Kf3 Ba6 37. Kxe3 Bxc4 38. h4 Kg7 39. g5 Kf7
40. Ke4 Ba6 41. Ke5 Ke7 42. Kd4 Ke6 43. Ke4 Bb7 44. Kf4 Bc8 45. Ke4 Kd6 46. Kd4
Bf5 47. Ke3 Ke5 48. Kf3 Bc2 49. Ke3 Kd5 50. Kd2 Bf5 51. Ke3 Kc4 52. Kf4 Bc2 53.
Kg4 Bd1+ 54. Kf4 Kxb4 55. Ke5 c5 56. Kf6 Bh5 0-1